000 00948cab a2200241 4500
001 WB3515-04
008 090401t1999 xxu||||| |||| 00| 0 eng d
035 _a(Sirsi) u92840
041 _aeng
245 _aDrop in yields
260 _c1999
350 _a0
490 _aProperty Week
_v64(15) 16 April 1999, 13(1)
520 _aThe latest Monthly index released by Richard Ellis St Quintin indicates that property yields are starting to fall, with both the all-property equivalent and initial yields falling by 0.1%. The fall has more than offset the impact of the rise in Stamp Duty, causing capital values to rise by 0.2%.
650 _aPROPERTY-COMMERCIAL PROPERTY
650 _aPROPERTY INDICES
650 _aPROPERTY YIELDS
650 _aRICHARD ELLIS ST QUINTIN MONTHLY INDEX
650 _aSTAMP DUTY
690 _aPROPERTY-COMMERCIAL PROPERTY-COMMERCIAL PROPERTY FINANCE AND INVESTMENT
942 _n0
948 _c20/04/1999
999 _c58845
_d58845